| 000 | 00793nam a22002057a 4500 | ||
|---|---|---|---|
| 003 | OSt | ||
| 005 | 20190422092227.0 | ||
| 008 | 180313b xxu||||| |||| 00| 0 spa d | ||
| 020 | _a8425906865 | ||
| 040 | _cPJ | ||
| 100 |
_9161 _aRuiz Miguel, Alfonso |
||
| 245 | 1 | 0 |
_aFilosofía y derecho en Norberto Bobbio / _cAlfonzo Ruiz Miguel. |
| 260 |
_aMadrid : _bCentro de Estudios Constitucionales, _c1983. |
||
| 300 |
_a509 p. _c21 cm. |
||
| 490 |
_aEl derecho y la Justicia _v1 |
||
| 504 | _aBibliografía: p. 431-499. | ||
| 505 | _aContenido: Las nubes de la filosofía y la meseta de la ciencia -- La metodología del conocimiento jurídico -- La teoría general del derecho -- La teoría de la justicia . | ||
| 650 |
_aFILOSOFIA DEL DERECHO _9177 |
||
| 942 |
_2udc _cLIB _h340.12 _iRUI |
||
| 999 |
_c160 _d160 |
||